Bases para un gobierno en transición hacia la segunda república

Bases para un gobierno de transición en Nicaragua después de la caída de Somoza. Plantea las funciones primordiales del factible gobierno de unidad y propone el programa de gobierno en las áreas política, económica (producción, deuda externa, reforma agraria, inversión extranjera, sistema financiero...

Ful tanımlama

Kaydedildi:
Detaylı Bibliyografya
Materyal Türü: Metin
Baskı/Yayın Bilgisi: Managua: CSUCA
Konular:
Etiketler: Etiketle
Etiket eklenmemiş, İlk siz ekleyin!

MARC

LEADER 00000 a a2200000 04500
001 20058
003
040
090 |a 082300  
245 |a Bases para un gobierno en transición hacia la segunda república  
260 |a Managua:   |b CSUCA  
300 |a 25 p.  
520 |a Bases para un gobierno de transición en Nicaragua después de la caída de Somoza. Plantea las funciones primordiales del factible gobierno de unidad y propone el programa de gobierno en las áreas política, económica (producción, deuda externa, reforma agraria, inversión extranjera, sistema financiero), social, administrativa y general./ACM  
650 |a NICARAGUA  
650 |a GOBIERNO  
650 |a POLITICA  
650 |a PROBLEMAS POLITICOS  
650 |a PLANIFICACION ECONOMICA  
650 |a PROGRAMA DE GOBIERNO  
999 |c 1110  |d 1110